000 00668nam a2200157 a 4500
008 060316s1984 ||||||||||||||||| || u
020 _a0727702149
050 _aTA 683.2 Pra
245 0 0 _aPractical design of reinforced and prestressed concrete structures based on the CEB-FIP model code (MC78) : FIP recommendations.
260 _aLondon :
_bThomas Telford
_c1984
300 _a36 p. : ill.
350 _a0.00
650 _aPRESTRESSED CONCRETE CONSTRUCTION
650 _aREINFORCED CONCRETE CONTRUCTION
995 _D0.00
_FCBU-MAIN LIBRARY (Kitwe)
_H1
_I14.00
_M1
_UAVAILABLE
_ZMain Library Open Access Collection
999 _c54225
_d54225